| 000 | 00545nam a2200217Ia 4500 | ||
|---|---|---|---|
| 003 | OSt | ||
| 005 | 20220928151954.0 | ||
| 006 | a|||||r|||| 00| 0 | ||
| 007 | ta | ||
| 008 | 220927b |||||||| |||| 00| 0 hin d | ||
| 024 | _a138240 | ||
| 037 | _cTextual | ||
| 040 |
_aSDCL _cSDCL _bhin |
||
| 041 |
_2hin _ahin |
||
| 082 | _aO31:g(Delta:87), M2 | ||
| 100 | _aNagaswamy R | ||
| 245 | 0 | _aTantric cult f South Indian. | |
| 260 | _c1982 | ||
| 942 |
_hO31:g(Delta:87), M2 _cTEXL _2CC |
||
| 999 |
_c853679 _d853679 |
||